000
00317nam a22001457a 4500
008
210311b ||||| |||| 00| 0 eng d
020
_a
9780787976804
041
_a
eng
080
_a
658
082
_a
658
100
_a
55
101
_a
LID
245
_a
The Prepared Mind of a Leader
_c
Welter,B
942
_2
udc
_c
BK
999
_c
56342
_d
56342